| 000 | 01817nam0a2200397 4500 | ||
|---|---|---|---|
| 001 | RU\NLR\BIBL_A\010911278 | ||
| 005 | 20260407104545.0 | ||
| 010 |
_a978-5-94691-783-4 _91000 |
||
| 021 |
_aRU _b2015-86020 _95267 |
||
| 035 | _a(NLR Aleph) 010911278 | ||
| 035 | _a(NILC)RuMoRGB-008060700 | ||
| 090 |
_a10631436 _c10631436 |
||
| 100 | _a20151125d2015 |||y0rusy50 ca | ||
| 101 | 0 | _arus | |
| 102 | _aRU | ||
| 105 | _aj|||z|||000yy | ||
| 200 | 1 |
_aЗащита прав адвокатов при проведении в отношении них следственных и оперативно-розыскных действий _e(статьи, схемы и судебные решения) _fФедеральная палата адвокатов Российской Федерации _g[сост. В. В. Лапинский и др.] |
|
| 210 |
_aМосква _cГраница _d2015 |
||
| 215 |
_a167 с. _cсхем. _d21 |
||
| 225 | 1 | _aЗаконъ | |
| 225 | 1 | _aБиблиотека адвоката | |
| 320 | _aБиблиогр.: с. 90-91 (8 назв.) | ||
| 606 | 1 |
_aАдвокаты _xЗащита прав _xУголовно-процессуальные вопросы _yРоссийская Федерация _92274471 _3RU\NLR\AUTH\6601591760 |
|
| 610 | 0 | _aадвокат | |
| 675 | _a347.9 | ||
| 686 | 1 | _aХ629.08 | |
| 686 | 1 | _aХ629.3 | |
| 702 | 1 |
_aЛапинский _bВ. В. _gВячеслав Вадимович _4220 |
|
| 712 | 0 | 2 |
_4570 _aФедеральная палата адвокатов Российской Федерации _3RU\NLR\AUTH\8810060085 _9621543 |
| 801 | 0 |
_aRU _bРГБ _c20151105 _gRCR |
|
| 801 | 1 |
_aRU _bРГБ _c20151105 _2rusmarc |
|
| 942 | _cBOOK | ||
| 980 | _aNB | ||
| 980 | _aNBR | ||